Statistics for All The People Who Have Been In Queen

Click here to take the quiz!

General Stats

  • This quiz has been taken 10 times
  • The average score is 5 of 9

Answer Stats

HintAnswer% Correct
1970-1991Freddie Mercury
100%
1970-PresentBrian May
90%
1971-1997John Deacon
90%
1970-PresentRoger Taylor
80%
2011-PresentAdam Lambert
70%
2004-2009Paul Rodgers
30%
1970-1970Barry Mitchell
10%
1971-1971Doug Bogie
10%
1970-1970Mike Gross
0%

Score Distribution

Percentile by Number Answered

Percent of People with Each Score

Your Score History

You have not taken this quiz